000 00934nas a2200301 4500
001 BR0404135
003 BR-BrBNA
005 20231205104809.0
007 ta
008 230509b bl.|||p| |||| 00| 00por d
040 _aBR-BrBNA
_bpor
_cBiblioteca Nacional de Agricultura
041 _a(Pt)
072 _aL10
100 1 _aMurgas, L.D.S.
100 1 _aFranciscatto, R.T.
100 1 _aSantos, A.G.O.
245 1 _aAvaliação espermática pós-descongelamento em piracanjuba (Brycon orbignyanus, Vallenciennes, 1849)
650 _aPIRACANJUBA
650 _aSÊMEN
650 _aCRIOPRESERVAÇÃO
650 _aCONGELAMENTO
650 _aDESCONGELAMENTO
650 _aESTATÍSTICA
650 _aMODELO MATEMÁTICO
773 0 _tRevista Brasileira de Zootecnia (Brazil)
_xISSN 1516-3598
_g(Nov-Dec 2003), v. 32(6)Suppl. 2 p. 1810-1814
_wBR0404135
909 _a202311
_bLúcia
_c55
_dLúcia Elande
942 _2AGRIS
_n0
_cANA
999 _c179731
_d179731